| 000 | 00410nam a2200169Ia 4500 | ||
|---|---|---|---|
| 008 | 221030s9999 xx 000 0 und d | ||
| 020 | _a8123908601 | ||
| 041 | _aEnglish | ||
| 082 | _a105.23 | ||
| 100 | _aM. L. Blum | ||
| 245 | 0 |
_aIndustrial Psychology _cby M. L. Blum, J. C. Naylor |
|
| 260 |
_bCBS Pub _aNew Delhi _c2008 |
||
| 300 | _a631 | ||
| 650 | _aManagement | ||
| 700 | _aJ. C. Naylor | ||
| 942 | _cBK | ||
| 999 |
_c9777 _d9777 |
||